Slovensko-rakouská přeshraniční spolupráce pohledem místních obyvatel a starostů

Úvod do problematiky z pohľadu histórie. Obdobie pred vstupom Slovenska do EÚ a po vstupe do EÚ. Euroregión Pomoravie/Weinviertel/Záhorie. Výsledky výskumu týkajúceho sa cezhraničnej spolupráce v rámci euroregiónu. Problémy a možnosti cezhraničného regiónu z pohľadu Slovákov. Problémy a možnosti cez...

Descripción completa

Guardado en:
Detalles Bibliográficos
Autor principal: Šindelář, Michal
Otros Autores: Jeřábek, Milan
Formato: Capítulo de libro
Lenguaje:checo
Materias:
Etiquetas: Agregar Etiqueta
Sin Etiquetas, Sea el primero en etiquetar este registro!

MARC

LEADER 00000naa a2200000 4500
001 0246688
005 20180731111049.0
041 0 |a cze 
044 |a SK 
245 1 0 |a Slovensko-rakouská přeshraniční spolupráce pohledem místních obyvatel a starostů  |c Michal Šindelář, Milan Jeřábek 
520 |a Úvod do problematiky z pohľadu histórie. Obdobie pred vstupom Slovenska do EÚ a po vstupe do EÚ. Euroregión Pomoravie/Weinviertel/Záhorie. Výsledky výskumu týkajúceho sa cezhraničnej spolupráce v rámci euroregiónu. Problémy a možnosti cezhraničného regiónu z pohľadu Slovákov. Problémy a možnosti cezhraničného regiónu z pohľadu Rakúšanov. 
610 2 0 |a spolupráca cezhraničná 
610 2 0 |a regióny 
610 2 0 |a euroregióny 
610 2 0 |a obyvateľstvo 
610 2 0 |a starostovia 
610 2 0 |a výskum 
610 2 0 |a Slovensko 
610 2 0 |a Rakúsko 
610 2 0 |a Česko 
100 1 |a Šindelář, Michal 
700 1 |a Jeřábek, Milan